|
|
|
|
| LEADER |
00000nam a22000007a 4500 |
| 003 |
AR-RoUNA |
| 005 |
20230329094954.0 |
| 008 |
230328b |||||||| |||| 00| 0 spa d |
| 040 |
|
|
|a AR-RoUNA
|b spa
|d AR-RoUNA
|
| 041 |
|
|
|a spa
|
| 044 |
|
|
|a ag
|
| 100 |
|
|
|9 25308
|a Gáldiz, Andrés Francisco
|
| 245 |
|
|
|a Método de caligrafía /
|c Andrés Francisco Gáldiz
|
| 250 |
|
|
|a 1a. ed.
|
| 260 |
|
|
|a Rosario (Santa Fe, Argentina):
|b Escuela de Artes Gráficas del Colegio Salesiano San José,
|c 1982
|
| 300 |
|
|
|a s/p .
|b gráficos
|c 18x22 cm
|
| 500 |
0 |
|
|a El Sr. Andrés Francisco Gáldiz ex profesor de la materia en el curso de Calígrafos de la Facultad de Ciencias Económicas, Comerciales y Políticas de la Universidad Nacional del Litoral y de la Escuela Superior de Comercio Libertador General San Martín de Rosario.
|
| 505 |
0 |
|
|t LETRA CURSIVA INCLINADA
|
| 505 |
0 |
|
|t LETRA CURSIVA VERTICAL
|
| 505 |
0 |
|
|t LETRA REDONDA
|
| 505 |
0 |
|
|t LETRA BASTARDA
|
| 505 |
0 |
|
|t LETRA GOTICA ANTIGUA
|
| 505 |
0 |
|
|t LETRA GOTICA MODERNA
|
| 505 |
0 |
|
|t GOTICA MODERNA MAYUSCULA
|
| 505 |
0 |
|
|t LETRA GOTICA CORAL
|
| 505 |
0 |
|
|t LETRA INGLESA MAGISTRAL
|
| 505 |
0 |
|
|t LETRA A BASTON
|
| 505 |
0 |
|
|t LETRA ROMANA ANTIGUA Y MODERNA
|
| 505 |
0 |
|
|t LETRA CAPITALES ORNAMENTADAS
|
| 505 |
0 |
|
|t DESARROLLO DE LA TEORIA
|
| 908 |
|
|
|a Imp
|
| 930 |
|
|
|e 11907
|
| 942 |
|
|
|2 udc
|c LIB
|
| 945 |
|
|
|d 2023-03-28
|
| 980 |
|
|
|6 5
|a María Machado
|8 5
|g María Machado
|
| 999 |
|
|
|c 10743
|d 10743
|